| 000 | 02883cam a22005054a 4500 | ||
|---|---|---|---|
| 001 | ocn268792940 | ||
| 003 | TZ-ArACH | ||
| 005 | 20110928110141.0 | ||
| 008 | 081107s2009 enk b 001 0 eng | ||
| 010 | _a 2008048916 | ||
| 015 |
_aGBA8D6357 _2bnb |
||
| 016 | 7 |
_a014844761 _2Uk |
|
| 020 | _a9780199565177 | ||
| 035 | _a(OCoLC)268792940 | ||
| 040 |
_aDLC _beng _cTZ-ArACH _dBTCTA _dUKM _dYDXCP _dBWKUK _dBWK _dCDX _dNDL _dIG# _dTKF _dONS _dOCLCQ _dGEBAY _dDEBSZ |
||
| 041 | _aEng | ||
| 042 | _apcc | ||
| 043 | _ae------ | ||
| 049 | _aTZAA | ||
| 050 | 0 | 0 |
_aKJE6242 _b.E588 |
| 082 | 0 | 0 |
_a344.2404/6 _222 |
| 245 | 0 | 0 |
_aEnvironmental protection : _bEuropean law and governance / _cedited by Joanne Scott. |
| 260 |
_aOxford ; _aNew York : _bOxford University Press, _c2009. |
||
| 300 |
_axxii, 225 p. ; _c25 cm. |
||
| 490 | 1 |
_aThe collected courses of the Academy of European Law ; _vv. 18/3 |
|
| 504 | _aIncludes bibliographical references and index. | ||
| 505 | 0 | 0 |
_tThe evolution of EU environmental governance / _rIngmar von Homeyer -- _tLaw and governance of water protection policy / _rMaria Lee -- _tREACH : combining harmonization and dynamism in the regulation of chemicals / _rJoanne Scott -- _tBuilding spatial Europe : an environmental justice perspective / _rJane Holder -- _tEC external relations on environmental law / _rMassimiliano Montini -- _tA climate of change : an analysis of progress in EU and international climate change policy / _rJürgen Lefevere. |
| 650 | 0 |
_aEnvironmental law _zEuropean Union countries. _92420 |
|
| 650 | 0 |
_aEnvironmental policy _zEuropean Union countries. _92421 |
|
| 650 | 0 |
_aPolitique de l'environnement _zPays de l'Union européenne. _92422 |
|
| 650 | 0 |
_aEnvironmental protection _zEuropean Union countries. _92423 |
|
| 650 | 0 |
_aEnvironnement - protection _z Union européenne _92424 |
|
| 650 | 0 |
_aNature conservation _xLaw and legislation _zEuropean Union countries. _92425 |
|
| 650 | 0 |
_aNature - protection _xUnion européenne _92426 |
|
| 650 | 0 |
_aEnvironnement _x Droit européen. _92427 |
|
| 650 | 0 |
_aEnvironmental impact charges _xLaw and legislation _zEuropean Union countries. _92428 |
|
| 650 | 0 | 7 |
_aDroit européen et droit interne _92429 |
| 700 | 1 |
_aScott, Joanne. _92430 |
|
| 830 | 0 |
_aCollected courses of the Academy of European Law ; _vv. 18/3. _92431 |
|
| 856 | 4 |
_mV:DE-601 _qapplication/pdf _uhttp://www.gbv.de/dms/spk/sbb/recht/toc/585304955.pdf _3Inhaltsverzeichnis |
|
| 856 | 4 |
_mV:DE-605;X:Imageware _qapplication/pdf _uhttp://digitool.hbz-nrw.de:1801/webclient/DeliveryManager?pid=3095910 _3Inhaltsverzeichnis |
|
| 856 | 4 |
_uhttp://digitool.hbz-nrw.de:1801/webclient/DeliveryManager?pid=3095911&custom%5Fatt%5F2=simple%5Fviewer _yEnvironmental protection _3Inhaltsverzeichnis |
|
| 942 |
_2lcc _cBOOK |
||
| 999 |
_c1361 _d1361 |
||